00505nam a2200085Ia 4500008004100000245004200041300027300083650000900356856005400365170517s9999 xx 000 0 und d aAmazing Journey: The Story of the Who aLike that of a lasting marriage, the story of a long-established rock band is necessarily laden with drama. The Who, now in their fifth decade, have had their share and more -- almost, it seems, from Day One of their existence. Amazing Journey: The Story of the Who... xArt. uhttp://topdocumentaryfilms.com/a-hard-days-night/